Top 100 Albums by Brazilian Artists - Statistics

General Stats
  • This quiz has been taken 20 times
  • The average score is 14 of 100
Answer Stats
Artist Album % Correct
#1: Milton Nascimento & Lô Borges Clube da Esquina
83%
#45: Milton Nascimento Clube da Esquina 2
83%
#4: Chico Buarque Construção
72%
#2: Novos Baianos Acabou chorare
67%
#3: Jorge Ben A Tábua de Esmeralda
56%
#55: Mutantes Mutantes
56%
#9: Mutantes Os Mutantes
56%
#5: Caetano Veloso Transa
50%
#32: Caetano Veloso | #39: Caetano Veloso | #59: Caetano Veloso Caetano Veloso
39%
#15: Cartola | #37: Cartola Cartola
39%
#60: Gal Costa Gal
39%
#8: Jorge Ben África Brasil
33%
#18: Racionais MC's Sobrevivendo no inferno
33%
#54: Chico Buarque Chico Buarque
28%
#16: Gal Costa Gal Costa
28%
#79: Milton Nascimento Milton
28%
#27: Milton Nascimento Minas
28%
#17: Jorge Ben Samba esquema novo
28%
#19: Belchior Alucinação
22%
#71: Titãs Cabeça Dinossauro
22%
#22: João Gilberto Chega de saudade
22%
#50: Milton Nascimento Geraes
22%
#56: Lô Borges Lô Borges
22%
#23: Secos & Molhados Secos & Molhados
22%
#26: Arthur Verocai Arthur Verocai
17%
#21: Chico Science & Nação Zumbi Da lama ao caos
17%
#33: Elis Regina & Antônio Carlos Jobim Elis & Tom
17%
#14: João Gilberto João Gilberto
17%
#34: Jorge Ben Jorge Ben
17%
#100: Nara Leão Nara
17%
#13: Mutantes A divina comédia ou ando meio desligado
11%
#62: Jorge Ben Ben
11%
#96: Gal Costa Cantar
11%
#66: Erasmo Carlos Carlos, Erasmo...
11%
#52: Sepultura Chaos A.D.
11%
#44: Gilberto Gil Expresso 2222
11%
#25: Gilberto Gil | #73: Gilberto Gil Gilberto Gil
11%
#20: Racionais MC's Nada como um dia após o outro dia
11%
#35: Tim Maia Racional vol. 1
11%
#76: Los Hermanos Ventura
11%
#64: Zé Ramalho Zé Ramalho
11%
#82: Paulinho da Viola A dança da solidão
6%
#80: Facção Central A marcha fúnebre prossegue
6%
#88: João Gilberto Amoroso
6%
#61: Elza A mulher do fim do mundo
6%
#7: Sepultura Arise
6%
#97: Dorival Caymmi Canções praieiras
6%
#42: Moacir Santos Coisas
6%
#29: Edu Lôbo Edu Lôbo
6%
#12: Tom Zé Estudando o samba
6%
#10: Jorge Ben Fôrça bruta
6%
#83: Jards Macalé Jards Macalé
6%
#65: Chico Buarque Meus caros amigos
6%
#24: Milton Nascimento Milagre dos peixes
6%
#94: Paulinho da Viola Nervos de aço
6%
#38: Novos Baianos Novos Baianos F.C.
6%
#49: João Gilberto O amor, o sorriso e a flor
6%
#36: Gil e Jorge Ogum, Xangô
6%
#70: Sabotage Rap é compromisso
6%
#43: Tom Zé Todos os olhos
6%
#46: Antônio Carlos Jobim Wave
6%
#87: Adoniran Barbosa Adoniran Barbosa
0%
#63: Zé Ramalho A peleja do Diabo com o dono do céu
0%
#89: Lô Borges A Via-Láctea
0%
#74: Baden Powell À vontade
0%
#90: Black Alien Babylon by Gus, Vol 1: O ano do macaco
0%
#6: Sepultura Beneath the Remains
0%
#98: Amon Tobin Bricolage
0%
#95: Martinho da Vila Canta canta minha gente
0%
#68: Bacamarte Depois do fim
0%
#30: Nara Leão Dez anos depois
0%
#99: Vinicius + Bethania + Toquinho En La Fusa (Mar del Plata)
0%
#84: Belchior Era uma vez um homem e o seu tempo
0%
#91: Dorival Caymmi E seu violão
0%
#78: Alceu Valença Espelho cristalino
0%
#93: Sérgio Sampaio Eu quero é botar meu bloco na rua
0%
#57: Paulinho da Viola Foi um rio que passou em minha vida
0%
#72: Marcos Valle Garra
0%
#92: Caetano Veloso Jóia
0%
#47: Metá Metá MetaL MetaL
0%
#85: Jorge Ben Negro é lindo
0%
#86: Nelson Cavaquinho Nelson Cavaquinho
0%
#40: Toquinho e Vinícius O poeta e o violão
0%
#11: Baden Powell & Vinicius de Moraes Os afro-sambas de Baden e Vinícius
0%
#28: Lula Côrtes e Zé Ramalho Paêbirú
0%
#41: Amon Tobin Permutation
0%
#31: Marcos Valle Previsão do tempo
0%
#53: Quarteto Nôvo Quarteto Nôvo
0%
#67: Sepultura Schizophrenia
0%
#81: Jorge Ben Solta o pavão
0%
#77: Erasmo Carlos Sonhos e memórias: 1941-1972
0%
#48: Antônio Carlos Jobim Stone Flower
0%
#51: Amon Tobin Supermodified
0%
#75: Angra Temple of Shadows
0%
#58: Maria João Pires The Nocturnes
0%
#69: Baden Powell Tristeza on Guitar
0%
No matching quizzes found
Score Distribution
Percent of People with Each Score
Percentile by Number Answered
Your Score History
You have not taken this quiz